مسيو إبراهيم وزهور القرآن: (Record no. 5715)
[ view plain ]
| 000 -الفاتح | |
|---|---|
| حقل البيانات ثابتة الطول | 00934nac a22001931u 4500 |
| 008 - عناصر البيانات ثابتة الطول - معلومات عامة | |
| حقل البيانات ثابتة الطول | 110331s2005 ua|||||r|||| 000 0 ara d |
| 020 ## - الرقم الدولى المعيارى للكتب | |
| الرقم الدولى المعيارى للكتاب | 9770913340 |
| 082 ## - رقم تصنيف ديوى العشرى | |
| رقم التصنيف | 843.912 |
| رقم المادة | ش م ي |
| 100 ## - المدخل الرئيسى - إسم شخصى | |
| الإسم الشخصى | شميت ، إريك يمانويل |
| 9 (RLIN) | 22745 |
| 245 ## - بيان العنوان | |
| العنوان | مسيو إبراهيم وزهور القرآن: |
| بقية العنوان | رواية / |
| بيان المسئوليه,etc | إريك إيمانويل شميت ؛ ترجمة وتقديم محمد سلماوي |
| 246 ## - العنوان الموازى | |
| عنوان صحيح/عنوان مختصر | مسيو إبراهيم وزهور القرءان |
| 250 ## - بيان الطبعة | |
| بيان الطبعة | ط2 |
| 260 ## - PUBLICATION, DISTRIBUTION, ETC. (IMPRINT) | |
| مكان الناشر او الموزع | القاهرة : |
| اسم الناشر او الموزع | دار الشروق، 2005 |
| تاريخ النشر أو التوزيع | 2005 |
| 300 ## - الوصف المادى | |
| التعداد | 80 ص؛ |
| أبعاد الوعاء | 20 سم |
| 650 ## - المدخل الاضافى بالموضوع-مصطلح موضوعى | |
| مصطلح موضوعي أو اسم جغرافي كعنصر مدخل | القصص الفرنسية |
| 9 (RLIN) | 15083 |
| 700 ## - المدخل الاضافى - اسم شخصى | |
| الإسم الشخصى | سلماوي ، محمد |
| التواريخ المصاحبة للاسم | 1945 |
| 9 (RLIN) | 22746 |
| الدور | مترجم ومقدم |
| 942 ## - عناصر المدخل الإضافي( كوها) | |
| Koha [default] item type | Book - Borrowing |
| سابقة رقم الطلب | 843.912ش م ي |
| مصدر التصنيف او مخطط الترفيف | Dewey Decimal Classification |
| حالة التراجع | حالة الفقد | مصدر التصنيف او خطة الترفيف | حالة تلف | ليس للاعارة | مجموعات كوها | المكان الدائم | المكان الحالي | موقع الترفيف | تاريخ الاكتساب | Source of acquisition | رقم الاستدعاء | الباركود | Date last seen | مُعار | نوع الوعاء |
|---|---|---|---|---|---|---|---|---|---|---|---|---|---|---|---|
| Dewey Decimal Classification | Central Library | Central Library | Second Floor | 04/11/2007 | 843.912ش م ي | 000007407 | 15/07/2025 | 09/02/2013 | Book - Borrowing |